|
|
|
|
| LEADER |
00667cam a2200193 7i4500 |
| 001 |
0000045592 |
| 005 |
20170403090000.0 |
| 020 |
|
|
|a 9780415801492 (hbk.)
|
| 090 |
0 |
0 |
|a BF636.6
|b .C68 2010
|
| 245 |
0 |
0 |
|a Counselor supervision
|c Nicholas Ladany and Loretta J. Bradley, editors.
|
| 250 |
|
|
|a 4th ed.
|
| 260 |
|
|
|a New York:
|b Routledge,
|c 2010.
|
| 300 |
|
|
|a xxv, 451 p.;
|c 24 cm.
|
| 650 |
0 |
0 |
|a Counselors --
|x Supervision of
|
| 700 |
1 |
|
|a Ladany, Nicholas
|
| 700 |
1 |
|
|a Bradley, Loretta J.
|
| 997 |
|
|
|a Education & Social Sciences, Faculty
|b Social Sciences, Department
|
| 998 |
|
|
|a Industrial Psychology, Degree
|
| 999 |
|
|
|a 0000055802
|b BOK
|c OPEN SHELF
|e 1st Floor, Bestari Jaya
|